Statistics for Countries Closest to Cape Town

Click here to take the quiz!

General Stats

  • This quiz has been taken 86 times
  • The average score is 19 of 20

Answer Stats

Distance (km)Distance (mi)Country% Correct
806501Botswana
100%
934580Lesotho
100%
1,8701,162Zambia
100%
1,6791,044Zimbabwe
100%
1,424885Eswatini
99%
2,6651,656Madagascar
99%
1,532952Mozambique
99%
2,9911,858Tanzania
99%
1,7771,104Angola
97%
3,4632,152Burundi
97%
3,4942,171Comoros
97%
2,5091,559DR Congo
97%
2,4961,551Malawi
97%
551342Namibia
97%
00South Africa
97%
3,2322,009Congo
94%
2,4961,551France / Europa Island
94%
2,7891,733United Kingdom / Tristan da Cunha
94%
3,3992,112Gabon
87%
2.5631,593Norway / Bouvet Island
63%

Score Distribution

Percentile by Number Answered

Percent of People with Each Score

Your Score History

You have not taken this quiz